| 000 | 01547nam a2200337 c 4500 | ||
|---|---|---|---|
| 003 | BLK | ||
| 005 | 20180422115316.0 | ||
| 008 | 180411b bul|||||r ||||||| ||bul|| | ||
| 010 | _aKNG00192788000 | ||
| 040 | _aBLK | ||
| 041 |
_aBUL _cBUL |
||
| 080 |
_aХимия. Кристалография. Минералогия. Вж и 577.1; 66; 612.015; 631.41 _b54 _x(092) _z54(092) |
||
| 080 |
_aИстория на България _b94(497.2) _x(092) _z94(497.2)(092) |
||
| 080 |
_aБългарски биохимик и общественик (1885-1936) _b929 Златаров, Асен Христов _x _z929 Златаров, Асен Христов |
||
| 100 | 1 |
_aДобрев, Господин _eпърви автор _9247443 |
|
| 700 | 1 |
_aЗлатаров, Светозар Асенов _eпослесл. от _9367266 |
|
| 139 |
_aДобрев, Господин _bД 66 |
||
| 245 | 1 | 0 |
_aАсен Златаров _bЛичност и творчество _cГосподин Добрев; послесл. от Светозар Асенов Златаров. |
| 257 | _aBGR | ||
| 260 |
_аСофия _bБЗНС _c1988 |
||
| 300 |
_a264 с., 4 л. _bил., портр. _c21 см |
||
| 380 | _a5 | ||
| 500 | _a7 250 тир. - Библиогр. под линия. | ||
| 600 | 1 | 4 |
_aЗлатаров, Асен Христов _9367215 |
| 650 | 4 |
_aЗлатаров, Асен Христов _9367215 |
|
| 852 | _aЦб 153011 | ||
| 856 | 4 |
_qpdf _u |
|
| 856 | 4 |
_qpdf _u |
|
| 942 |
_cKNG _n0 |
||
| 944 |
_aCR _c13.10.2016 _kГрета_Цуфелде |
||
| 944 |
_aED _c13.10.2016 _kГрета_Цуфелде |
||
| 999 |
_c183843 _d183843 |
||